[Event "XIII Festival A"]
[Site "Bolzano - Bozen ITA"]
[Date "1998.06.20"]
[Round "9"]
[White "Komarov, Dimitri"]
[Black "Bertagnolli, Alexander"]
[WhiteElo "2580"]
[BlackElo "1693"]
[Result "1-0"]
[PlyCount "43"]
[EventDate "1998.06.13"]

1. d4 g6 2. Nf3 Bg7 3. c4 f5 4. g3 b6 5. Bg2 Bb7 6. O-O Nf6 7. Nc3 O-O 8. b3 c5
9. Bb2 Ne4 10. Rc1 Na6 11. Nxe4 fxe4 12. Ng5 e5 13. Nxe4 exd4 14. e3 d5 15.
cxd5 dxe3 16. Bxg7 exf2+ 17. Rxf2 Rxf2 18. Nxf2 Kxg7 19. Qd2 Qd6 20. Re1 Nc7
21. Qb2+ Kf7 22. Ng4 1-0

[Event "XIII Festival A"]
[Site "Bolzano - Bozen ITA"]
[Date "1998.06.20"]
[Round "9"]
[White "Squarci, Franco"]
[Black "Staindl, Erwin"]
[WhiteElo "1948"]
[BlackElo "1804"]
[Result "0-1"]
[PlyCount "122"]
[EventDate "1998.06.13"]

1. d4 Nf6 2. c4 g6 3. g3 Bg7 4. Bg2 O-O 5. Nf3 d6 6. Nc3 c6 7. O-O Nbd7 8. e4
e5 9. dxe5 dxe5 10. Bg5 h6 11. Bc1 Qe7 12. Qc2 Nc5 13. Rd1 Bg4 14. Be3 Rfd8 15.
h3 Bxf3 16. Bxf3 Ne6 17. Ne2 b6 18. a4 Ne8 19. h4 N8c7 20. Bg4 Nd4 21. Nxd4
exd4 22. Bf4 Ne6 23. Bxe6 Qxe6 24. Kg2 Kh7 25. f3 Be5 26. Bxe5 Qxe5 27. Rd3 c5
28. Re1 Re8 29. b3 h5 30. Qd2 f6 31. Qf2 Qd6 32. f4 Qc6 33. Qf3 Kg7 34. Rd2 Re7
35. Kf2 Rae8 36. Rde2 Qd7 37. Qd3 Qg4 38. Kg2 Qd7 39. Rf1 Qc6 40. Rfe1 f5 41.
Kf3 fxe4+ 42. Rxe4 Rxe4 43. Rxe4 Qxe4+ 44. Qxe4 Rxe4 45. Kxe4 Kf6 46. b4 a5 47.
b5 Ke6 48. Kd3 Kf5 49. Ke2 Kg4 50. Kf2 d3 51. Ke3 Kxg3 52. Kxd3 Kf3 53. Kd2 Ke4
54. Kc3 Ke3 55. Kc2 Kd4 56. Kd2 Kxc4 57. Kc2 Kb4 58. Kd3 c4+ 59. Kd4 c3 60. Ke5
c2 61. Kd6 c1=Q 0-1

[Event "XIII Festival A"]
[Site "Bolzano - Bozen ITA"]
[Date "1998.06.20"]
[Round "9"]
[White "Zammarchi, Massimo"]
[Black "Kowalczyk, Martin"]
[WhiteElo "1798"]
[BlackElo "1965"]
[Result "1-0"]
[PlyCount "45"]
[EventDate "1998.06.13"]

1. e4 d6 2. d4 Nf6 3. Nc3 g6 4. Bg5 Bg7 5. Qd2 h6 6. O-O-O b6 7. Bf4 g5 8. Bg3
Nh5 9. Bc4 Bb7 10. Nge2 Nd7 11. f4 Nxg3 12. Nxg3 e6 13. f5 Qe7 14. Nb5 Kd8 15.
Rhe1 a6 16. Nc3 b5 17. Bb3 Nb6 18. e5 exf5 19. Nxf5 Qf8 20. exd6 cxd6 21. Re7
Nc4 22. Bxc4 bxc4 23. Rxb7 1-0

[Event "C.to Italiano Semifinale"]
[Site "Montecatini Terme ITA"]
[Date "1998.06.??"]
[Round "1"]
[White "Aldrovandi, Costantino"]
[Black "Di Vincenzi, Renato"]
[Result "1-0"]
[WhiteElo "2235"]
[BlackElo "2128"]
[PlyCount "103"]
[EventDate "1998.06.21"]

1. e4 c5 2. c3 e5 3. Nf3 Nc6 4. d4 cxd4 5. cxd4 exd4 6. Nxd4 Bb4+ 7. Nc3 Nf6 8.
Nxc6 bxc6 9. Bd3 O-O 10. O-O Re8 11. Qc2 Qa5 12. Bd2 Qh5 13. Bf4 d5 14. exd5
cxd5 15. Nb5 Ba5 16. Nc7 Bxc7 17. Bxc7 Bd7 18. Rac1 Re6 19. f3 Qh4 20. Bg3 Qb4
21. Qc3 Qb7 22. Bf2 Rb8 23. Bd4 Rc6 24. Qd2 Rbc8 25. Rxc6 Rxc6 26. Rc1 h6 27.
Rxc6 Qxc6 28. Qa5 Ne8 29. Kf2 Qc1 30. Qe1 Qf4 31. Qe5 Qd2+ 32. Qe2 Qa5 33. a3
Be6 34. Qc2 Nd6 35. Qc3 Qxc3 36. Bxc3 f6 37. Bd4 Nc8 38. Bc5 Kf7 39. Ke3 a5 40.
Kd4 Ke8 41. Bb5+ Kf7 42. Bc6 Ne7 43. Bxe7 Kxe7 44. Bxd5 Bd7 45. Kc5 g5 46. g3
f5 47. b4 axb4 48. axb4 h5 49. f4 h4 50. fxg5 hxg3 51. hxg3 Kf8 52. g6 1-0

[Event "C.to Italiano Semifinale"]
[Site "Montecatini Terme ITA"]
[Date "1998.06.??"]
[Round "1"]
[White "Astengo, Marcello"]
[Black "Scavo, Fernando"]
[Result "0-1"]
[WhiteElo "2075"]
[BlackElo "2255"]
[PlyCount "86"]
[EventDate "1998.06.21"]

1. d4 e6 2. Nf3 c5 3. c3 d5 4. Bf4 Nc6 5. e3 Bd6 6. Bg3 Bxg3 7. hxg3 Qd6 8.
Nbd2 Nf6 9. Bd3 e5 10. dxe5 Nxe5 11. Nxe5 Qxe5 12. Bb5+ Ke7 13. Nf3 Qc7 14. Qc2
c4 15. Ba4 Qa5 16. Qd1 Bg4 17. Bc2 Qb6 18. Qc1 Bxf3 19. gxf3 h5 20. e4 dxe4 21.
Bxe4 Rad8 22. Qc2 h4 23. g4 g5 24. O-O Kf8 25. Rad1 Kg7 26. Qc1 Nxe4 27. fxe4
Qc5 28. Rd4 f6 29. Rfd1 Qc8 30. e5 Rxd4 31. Rxd4 Rd8 32. Qd2 Qxg4+ 33. Rxg4
Rxd2 34. exf6+ Kxf6 35. Rxc4 Rxb2 36. a4 b6 37. Kg2 Ra2 38. Kf3 Kf5 39. Rd4 Ra3
40. Rd5+ Kf6 41. Kg4 Rxa4+ 42. Kh5 Rc4 43. Rxg5 Rc5 0-1

[Event "C.to Italiano Semifinale"]
[Site "Montecatini Terme ITA"]
[Date "1998.06.??"]
[Round "1"]
[White "Caposciutti, Maurizio"]
[Black "Bini, Lorenzo"]
[Result "1-0"]
[WhiteElo "2310"]
[BlackElo "2125"]
[PlyCount "177"]
[EventDate "1998.06.21"]

1. e4 d6 2. d4 Nf6 3. Nc3 b6 4. Nf3 e6 5. Bd3 Bb7 6. Bg5 h6 7. Bh4 Be7 8. Qe2
Nh5 9. Bg3 a6 10. O-O-O Bg5+ 11. Kb1 Nf4 12. Bxf4 Bxf4 13. e5 d5 14. h4 h5 15.
g3 Bh6 16. Ng5 g6 17. f4 Nc6 18. Qf2 Qe7 19. a3 O-O-O 20. Na2 Kb8 21. c3 Ka7
22. Qe2 Nb8 23. g4 hxg4 24. Qxg4 a5 25. h5 Bxg5 26. fxg5 gxh5 27. Rxh5 Rxh5 28.
Qxh5 Rg8 29. Rf1 Qxg5 30. Qxf7 Qd2 31. Bc2 Rg2 32. Qh7 Na6 33. Qd3 Qxd3 34.
Bxd3 Bc6 35. Rf6 Bd7 36. Nc1 Nb8 37. Bg6 Rg1 38. Bf7 Bb5 39. Rf3 Bd7 40. b3 Nc6
41. a4 Nd8 42. Rf2 c5 43. Kb2 cxd4 44. cxd4 Rg7 45. Bh5 Nc6 46. Ne2 Nb4 47. Rf7
Rxf7 48. Bxf7 Nc6 49. Kc3 Nd8 50. Bh5 Kb7 51. Bg4 Kc7 52. Nf4 Kc8 53. Kd2 Kc7
54. Ke3 Bc8 55. Bh3 Bd7 56. Bg4 Bc8 57. Bh3 Bd7 58. Bf1 Bc6 59. Ng6 Kd7 60. Kf4
Nf7 61. Bh3 Nd8 62. Kg5 b5 63. axb5 Bxb5 64. Kf6 a4 65. bxa4 Bxa4 66. Nf8+ Ke8
67. Nxe6 Nc6 68. Bg4 Bc2 69. Bf3 Be4 70. Bh5+ Kd7 71. Nc5+ Kd8 72. Nxe4 dxe4
73. d5 Ne7 74. Ke6 e3 75. Be2 Ng8 76. Kf5 Nh6+ 77. Ke4 Ng8 78. Bb5 Ke7 79. Ba6
Kd7 80. Kf5 Ne7+ 81. Ke4 Ng6 82. Be2 Ke7 83. Bg4 Kf7 84. Bh5 Kg7 85. d6 Nf8 86.
Kxe3 Kh6 87. Bg4 Kg5 88. d7 Nxd7 89. Bxd7 1-0

[Event "C.to Italiano Semifinale"]
[Site "Montecatini Terme ITA"]
[Date "1998.06.??"]
[Round "1"]
[White "Castaldo, Folco"]
[Black "Mariotti, Sergio"]
[Result "0-1"]
[WhiteElo "2155"]
[BlackElo "2380"]
[PlyCount "156"]
[EventDate "1998.06.21"]

1. e4 c5 2. c3 d5 3. exd5 Qxd5 4. d4 e6 5. Nf3 Nf6 6. Bd3 Nbd7 7. O-O Be7 8.
Qe2 O-O 9. c4 Qd6 10. Nc3 cxd4 11. Nb5 Qc5 12. b4 Qh5 13. a3 b6 14. Nbxd4 Bb7
15. Bf4 a5 16. Rab1 axb4 17. axb4 Ra3 18. Rfe1 Rfa8 19. Bc2 Bf8 20. Red1 Ra2
21. Rd2 Ra1 22. Rdd1 Rxb1 23. Rxb1 Qg4 24. Bg3 Rc8 25. Bd3 Ne4 26. Qe1 Nxg3 27.
hxg3 g6 28. Qe3 e5 29. Nb5 e4 30. Nh2 Qe6 31. Be2 h5 32. Nf1 Kh7 33. Qd4 Nf6
34. Ne3 Be7 35. Qb2 Rd8 36. Rd1 Rxd1+ 37. Nxd1 Qd7 38. Ne3 Ba6 39. Na3 Qd6 40.
Nac2 Qd2 41. Bf1 Ng4 42. Nxg4 hxg4 43. Qe5 Qxc2 44. Qxe7 Bxc4 45. Qc7 b5 46.
Bxc4 Qc1+ 47. Kh2 Qxc4 48. Qxc4 bxc4 49. b5 c3 50. b6 c2 51. b7 c1=Q 52. b8=Q
Qh6+ 53. Kg1 e3 54. fxe3 Qxe3+ 55. Kh2 Qe7 56. Qf4 f5 57. Qc4 Qf6 58. Qc7+ Kh6
59. Qc1+ g5 60. Qd1 Qe6 61. Qd2 Kg6 62. Qd3 Qf6 63. Qe2 Qc6 64. Qd3 Qe6 65. Qd1
f4 66. Qd3+ Qf5 67. Qd6+ Qf6 68. Qxf6+ Kxf6 69. gxf4 gxf4 70. g3 f3 71. Kg1 Ke5
72. Kf2 Ke4 73. Kf1 f2 74. Kxf2 Kd3 75. Kg1 Ke3 76. Kg2 Ke2 77. Kh1 Kf3 78. Kh2
Kf2 0-1

[Event "C.to Italiano Semifinale"]
[Site "Montecatini Terme ITA"]
[Date "1998.06.??"]
[Round "1"]
[White "Clementini, Lorenzo"]
[Black "Mariano, Elia"]
[Result "0-1"]
[WhiteElo "1760"]
[BlackElo "2205"]
[PlyCount "86"]
[EventDate "1998.06.21"]

1. d4 d5 2. Nc3 Nf6 3. e4 dxe4 4. f3 exf3 5. Nxf3 Bg4 6. Bc4 e6 7. Bb3 Be7 8.
O-O O-O 9. h3 Bh5 10. g4 Bg6 11. Ne5 Nbd7 12. Nxg6 hxg6 13. Qf3 c6 14. Bf4 Nd5
15. Nxd5 cxd5 16. c3 a6 17. Bc2 b5 18. Kg2 Rc8 19. Qe3 b4 20. g5 bxc3 21. bxc3
Qa5 22. Rf3 Rc6 23. Bb3 Rfc8 24. Rc1 Ba3 25. Rc2 Bb4 26. h4 Rxc3 27. Rxc3 Rxc3
28. Qf2 Rxf3 29. Kxf3 Qb5 30. Kg2 Qd3 31. Bc2 Qc3 32. Ba4 Nb6 33. Be8 Qe1 34.
Qf3 Qe4 35. Qxe4 dxe4 36. Bc6 Nd5 37. Bc1 Bc3 38. Bxd5 exd5 39. Be3 Kf8 40. Kh3
Ke7 41. Kg4 Ke6 42. h5 gxh5+ 43. Kxh5 Kf5 0-1

[Event "C.to Italiano Semifinale"]
[Site "Montecatini Terme ITA"]
[Date "1998.06.??"]
[Round "1"]
[White "Fabiano, Giuseppe"]
[Black "Del Monaco, Andrea"]
[Result "1-0"]
[WhiteElo "2230"]
[BlackElo "1793"]
[PlyCount "95"]
[EventDate "1998.06.21"]

1. Nf3 Nf6 2. c4 c6 3. d4 d5 4. e3 e6 5. Nbd2 Nbd7 6. Bd3 Bd6 7. O-O O-O 8. e4
dxe4 9. Nxe4 Nxe4 10. Bxe4 c5 11. Be3 f5 12. Bc2 Qc7 13. Qd3 e5 14. dxe5 Nxe5
15. Nxe5 Bxe5 16. Qd5+ Kh8 17. Rad1 Re8 18. Qxc5 Bxh2+ 19. Kh1 b6 20. Qxc7 Bxc7
21. Ba4 Re4 22. Rd4 Rxd4 23. Bxd4 Ba6 24. Re1 Bd6 25. Bc6 Rd8 26. b3 Kg8 27. a4
Bb4 28. Rd1 Bc5 29. Bd5+ Kf8 30. Be5 Bb7 31. f4 Bxd5 32. Rxd5 Rxd5 33. cxd5 g6
34. Kh2 Kf7 35. Kg3 h6 36. Bb8 a5 37. Kf3 Ke7 38. Bc7 Kd7 39. Be5 Bd6 40. Bg7
g5 41. fxg5 hxg5 42. Ke2 Bc5 43. Kd3 Kd6 44. Kc4 Bf2 45. Bd4 Bxd4 46. Kxd4 f4
47. Ke4 Kc5 48. Ke5 1-0

[Event "C.to Italiano Semifinale"]
[Site "Montecatini Terme ITA"]
[Date "1998.06.??"]
[Round "1"]
[White "Iotti, Pierluigi"]
[Black "Genocchio, Daniele"]
[Result "1-0"]
[WhiteElo "2325"]
[BlackElo "2155"]
[PlyCount "67"]
[EventDate "1998.06.21"]

1. d4 c5 2. d5 e6 3. c4 exd5 4. cxd5 d6 5. Nc3 g6 6. e4 Bg7 7. Be2 Ne7 8. Nf3
a6 9. a4 Bg4 10. Nd2 Bxe2 11. Qxe2 O-O 12. O-O Re8 13. Qd3 Nd7 14. f4 Bd4+ 15.
Kh1 f5 16. Nf3 Bxc3 17. bxc3 fxe4 18. Qxe4 Nf5 19. Qd3 b5 20. g4 c4 21. Qd1 Ne3
22. Bxe3 Rxe3 23. Re1 Rxc3 24. Qe2 Nf8 25. axb5 axb5 26. Ng5 Rxa1 27. Rxa1 Qc7
28. Ra8 Qb7 29. Qe6+ Kg7 30. Rxf8 Rc1+ 31. Kg2 Kxf8 32. Qf6+ Kg8 33. Qd8+ Kg7
34. Ne6+ 1-0

[Event "C.to Italiano Semifinale"]
[Site "Montecatini Terme ITA"]
[Date "1998.06.??"]
[Round "1"]
[White "Martorelli, Antonio"]
[Black "Tonon, Alessandro"]
[Result "1/2-1/2"]
[WhiteElo "2405"]
[BlackElo "2175"]
[PlyCount "104"]
[EventDate "1998.06.21"]

1. e4 e5 2. Nf3 Nc6 3. Nc3 Nf6 4. Bb5 Bb4 5. O-O O-O 6. Bxc6 dxc6 7. d3 Re8 8.
Kh1 Bg4 9. h3 Bxf3 10. Qxf3 Bxc3 11. bxc3 Qd6 12. Qg3 Rad8 13. Bg5 Rd7 14. Qh4
Re6 15. a4 Qc5 16. c4 h6 17. Be3 Qa5 18. f3 b6 19. Rfb1 c5 20. Rb3 g5 21. Qf2
Nh5 22. Bd2 Qa6 23. a5 Qc8 24. Rba3 Ree7 25. Rb1 Kh7 26. h4 f6 27. hxg5 hxg5
28. g3 Rd6 29. Kg2 Kg6 30. Rh1 Rh7 31. axb6 axb6 32. Raa1 Rd8 33. Rh2 Rdh8 34.
Rah1 Ng7 35. Kf1 Rxh2 36. Rxh2 Rxh2 37. Qxh2 Qd8 38. f4 Qa8 39. f5+ Kf7 40. Qh7
Qf8 41. Kg2 Ke7 42. Kf3 Qf7 43. Kg4 Ne8 44. Qh8 Qg7 45. Qxg7+ Nxg7 46. Bxg5
fxg5 47. Kxg5 Ne8 48. g4 Nf6 49. Kh4 Kf7 50. g5 Nd7 51. Kh5 Kg7 52. Kg4 Nb8
1/2-1/2

[Event "C.to Italiano Semifinale"]
[Site "Montecatini Terme ITA"]
[Date "1998.06.??"]
[Round "1"]
[White "Mauro, Alan"]
[Black "Bonaccorsi, Fabrizio"]
[Result "1/2-1/2"]
[WhiteElo "2260"]
[BlackElo "2110"]
[PlyCount "52"]
[EventDate "1998.06.21"]

1. e4 c5 2. Nf3 d6 3. d4 cxd4 4. Nxd4 Nf6 5. Bd3 Nc6 6. Nxc6 bxc6 7. O-O e5 8.
b3 Be7 9. Bb2 O-O 10. c4 Qc7 11. Nc3 Nd7 12. Kh1 Nc5 13. b4 Nxd3 14. Qxd3 f5
15. f3 Be6 16. Ba3 Qb6 17. c5 dxc5 18. exf5 c4 19. Qe2 Rxf5 20. g4 Rf6 21. Qxe5
Qb8 22. Qxb8+ Rxb8 23. Ne4 Rf7 24. Kg2 a5 25. Nc5 Bxc5 26. bxc5 Bd5 1/2-1/2

[Event "C.to Italiano Semifinale"]
[Site "Montecatini Terme ITA"]
[Date "1998.06.??"]
[Round "1"]
[White "Minerva, Enzo"]
[Black "Corvi, Marco"]
[Result "0-1"]
[WhiteElo "2155"]
[BlackElo "2320"]
[PlyCount "114"]
[EventDate "1998.06.21"]

1. e4 Nf6 2. d3 e5 3. Nf3 Nc6 4. Be2 Be7 5. Nc3 d5 6. Nxd5 Nxd5 7. exd5 Qxd5 8.
O-O O-O 9. Bd2 Bf5 10. Bc3 Rad8 11. Re1 Rfe8 12. Nd2 Nd4 13. Bf3 Nxf3+ 14. Qxf3
Qxf3 15. Nxf3 f6 16. Nd2 Bg6 17. Nf3 Bc5 18. Rad1 Bh5 19. b3 Kf7 20. h3 Bxf3
21. gxf3 Bd4 22. Bd2 g5 23. c3 Bb6 24. Be3 Re6 25. Kf1 Rc6 26. c4 Bd4 27. Ke2
Ra6 28. a4 Rb6 29. Rb1 Rbd6 30. Rbd1 c5 31. Rh1 Kg6 32. Rhg1 Kf5 33. Rh1 Rh8
34. Rdg1 Rb6 35. Rb1 h6 36. Bd2 Rd6 37. Be3 h5 38. Rbg1 h4 39. Rd1 Kg6 40. Rhg1
Kh5 41. Rg2 Rg8 42. Rdg1 Rb6 43. Rb1 f5 44. Rgg1 Rg7 45. Bd2 Rbg6 46. b4 cxb4
47. Rxb4 g4 48. fxg4+ fxg4 49. hxg4+ Rxg4 50. Rxg4 Kxg4 51. c5 h3 52. Be3 h2
53. Bxd4 exd4 54. Rb1 Kh3 55. c6 bxc6 56. Rb8 h1=Q 57. Rh8+ Kg2 0-1

[Event "C.to Italiano Semifinale"]
[Site "Montecatini Terme ITA"]
[Date "1998.06.??"]
[Round "1"]
[White "Parrella, Alfredo"]
[Black "Nironi, Andrea"]
[Result "1-0"]
[WhiteElo "2185"]
[BlackElo "1681"]
[PlyCount "91"]
[EventDate "1998.06.21"]

1. Nf3 g6 2. g3 Nf6 3. Bg2 Bg7 4. O-O d5 5. d4 O-O 6. c3 b6 7. Ne5 Bb7 8. Nd2
Nbd7 9. Ndf3 Ne4 10. Nd3 c5 11. Be3 Rc8 12. Rc1 Re8 13. Bh3 e6 14. Nde1 cxd4
15. cxd4 Rxc1 16. Bxc1 Qc7 17. Nd3 Rc8 18. e3 Ba6 19. Nfe1 Qc4 20. a3 Ng5 21.
Bg2 e5 22. f4 e4 23. fxg5 exd3 24. Bd2 Bb7 25. h4 Nf8 26. Kh2 Ne6 27. Rf2 Qb5
28. b3 a5 29. a4 Qc6 30. Qb1 Ba6 31. Nxd3 Qc2 32. Qxc2 Rxc2 33. Ne1 Rb2 34.
Bxd5 Kh8 35. Kg1 Nxd4 36. Bc1 Re2 37. Ng2 Nf5 38. Rxe2 Bxe2 39. Kf2 Bd1 40.
Bxf7 Be5 41. Nf4 Kg7 42. Bd5 Kf8 43. Ba3+ Ne7 44. Bc4 Bxf4 45. gxf4 Ke8 46. e4
1-0

[Event "C.to Italiano Semifinale"]
[Site "Montecatini Terme ITA"]
[Date "1998.06.??"]
[Round "1"]
[White "Pecorari, Marcello"]
[Black "Marzano, Carlo"]
[Result "1/2-1/2"]
[WhiteElo "1713"]
[BlackElo "2185"]
[PlyCount "116"]
[EventDate "1998.06.21"]

1. e4 g6 2. d4 c6 3. Nf3 Bg7 4. Nc3 d5 5. Be3 Nh6 6. Bd3 Ng4 7. e5 Nxe3 8. fxe3
O-O 9. h4 h5 10. Qd2 c5 11. O-O-O Nc6 12. Qf2 Bg4 13. Rdf1 cxd4 14. exd4 Nb4
15. Be2 Rc8 16. Ng5 Bf5 17. g4 hxg4 18. Bd1 f6 19. Qh2 fxg5 20. hxg5 e6 21.
Qh7+ Kf7 22. Rxf5+ exf5 23. e6+ Kxe6 24. Qxg7 Qxg5+ 25. Kb1 Qf6 26. Qxb7 Qd8
27. Qxb4 Qb6 28. Re1+ Kf7 29. Qe7+ Kg8 30. Nxd5 Qxd4 31. Qe6+ Kg7 32. Ne7 Qf6
33. Nxc8 Qxe6 34. Rxe6 Rxc8 35. Re7+ Kf6 36. Rxa7 Kg5 37. Rd7 f4 38. Rd3 f3 39.
Bxf3 gxf3 40. Rxf3 Kg4 41. Rf7 g5 42. b4 Kh3 43. Kb2 g4 44. Rh7+ Kg2 45. Rg7 g3
46. a4 Kf2 47. Kb3 g2 48. c4 Rf8 49. Rxg2+ Kxg2 50. c5 Kf3 51. b5 Ke4 52. Kc4
Ke5 53. b6 Ke6 54. a5 Kd7 55. Kb5 Kc8 56. c6 Kb8 57. Ka6 Rf7 58. c7+ Rxc7
1/2-1/2

[Event "C.to Italiano Semifinale"]
[Site "Montecatini Terme ITA"]
[Date "1998.06.??"]
[Round "1"]
[White "Piscopo, Pierluigi"]
[Black "Isonzo, David"]
[Result "0-1"]
[WhiteElo "1798"]
[BlackElo "2235"]
[PlyCount "82"]
[EventDate "1998.06.21"]

1. d4 g6 2. c4 Bg7 3. Nc3 d6 4. e4 Nc6 5. Be3 e5 6. d5 Nce7 7. Qd2 f5 8. f3 Nf6
9. Bh6 O-O 10. Bxg7 Kxg7 11. Bd3 c5 12. Nge2 a6 13. Ng3 f4 14. Nge2 g5 15. g3
Ng6 16. O-O-O Nh5 17. Rdg1 Kh8 18. g4 Nf6 19. Nd1 Nh4 20. Rf1 b5 21. b3 Bd7 22.
Nb2 b4 23. Bc2 a5 24. Na4 Be8 25. Kb1 Nd7 26. Nc1 Nb6 27. Nxb6 Qxb6 28. Rf2 a4
29. Qd1 Rf7 30. Nd3 Rfa7 31. Nb2 axb3 32. Bxb3 Ra3 33. Nd3 Ba4 34. Nc1 Bxb3 35.
Nxb3 R8a4 36. Qe2 Qa6 37. Rc1 Rxb3+ 38. axb3 Ra1+ 39. Kc2 Ra2+ 40. Kd1 Rxe2 41.
Kxe2 Qa2+ 0-1

[Event "C.to Italiano Semifinale"]
[Site "Montecatini Terme ITA"]
[Date "1998.06.??"]
[Round "1"]
[White "Sansonetti, Giorgio"]
[Black "Wild, Alexander"]
[Result "0-1"]
[WhiteElo "2195"]
[BlackElo "1714"]
[PlyCount "72"]
[EventDate "1998.06.21"]

1. d4 d5 2. Nf3 c6 3. Bg5 g6 4. e3 Bg7 5. c4 Nf6 6. Nc3 Nbd7 7. Rc1 Nb6 8. Ne5
O-O 9. f4 Be6 10. c5 Nbd7 11. Be2 Ne4 12. Bh4 f6 13. Nxd7 Qxd7 14. O-O Bf5 15.
Na4 e5 16. Bf3 exf4 17. exf4 Qc7 18. Bxe4 Bxe4 19. f5 Bxf5 20. Bg3 Qd7 21. Qd2
Rfe8 22. Rce1 Be4 23. Bf4 g5 24. Bd6 Re6 25. Qa5 Ree8 26. Qd2 h6 27. Nc3 f5 28.
g3 Re6 29. Rf2 Rae8 30. Ref1 Rxd6 31. cxd6 b6 32. b4 Qxd6 33. a3 Rd8 34. Nxe4
fxe4 35. Rf7 Re8 36. Qe3 a5 0-1

[Event "C.to Italiano Semifinale"]
[Site "Montecatini Terme ITA"]
[Date "1998.06.??"]
[Round "1"]
[White "Tribuiani, Renato"]
[Black "Vezzosi, Paolo"]
[Result "0-1"]
[WhiteElo "2115"]
[BlackElo "2275"]
[PlyCount "82"]
[EventDate "1998.06.21"]

1. Nf3 Nf6 2. d4 e6 3. Bg5 c5 4. e3 Nc6 5. c3 b6 6. Be2 Bb7 7. O-O Be7 8. Nbd2
O-O 9. Re1 Rc8 10. Bxf6 Bxf6 11. dxc5 bxc5 12. Ne4 Be7 13. Nd6 Bxd6 14. Qxd6
Qb6 15. Qg3 Rcd8 16. Bd3 h6 17. Ne5 Nxe5 18. Qxe5 d6 19. Qf4 Qxb2 20. Rac1 Ba8
21. Qa4 Qb7 22. f3 Rb8 23. Rb1 Qc7 24. Rxb8 Rxb8 25. Rb1 Rxb1+ 26. Bxb1 Kf8 27.
Qc2 g6 28. Qd2 d5 29. e4 Kg7 30. Qe3 Qb6 31. Bc2 Qb2 32. Bb3 dxe4 33. f4 Kh7
34. h4 Bd5 35. Bxd5 exd5 36. Kh2 Qb6 37. c4 Qc6 38. cxd5 Qxd5 39. Qc3 Qd4 40.
Qa3 e3 41. g3 e2 0-1

[Event "C.to Italiano Semifinale"]
[Site "Montecatini Terme ITA"]
[Date "1998.06.??"]
[Round "2"]
[White "Bini, Lorenzo"]
[Black "Clementini, Lorenzo"]
[Result "1-0"]
[WhiteElo "2125"]
[BlackElo "1760"]
[PlyCount "47"]
[EventDate "1998.06.21"]

1. d3 d5 2. b3 e5 3. Nf3 Nc6 4. Bb2 f6 5. Nbd2 Bg4 6. e3 Bc5 7. a3 a5 8. h3 Bh5
9. Be2 Bg6 10. Nh4 Nge7 11. Bh5 Bxh5 12. Qxh5+ g6 13. Qe2 Qd6 14. O-O h5 15. c4
Rd8 16. cxd5 Qxd5 17. Ne4 Rf8 18. Nxc5 Qxc5 19. d4 exd4 20. exd4 Qd5 21. Nxg6
Rg8 22. Nf4 Nxd4 23. Bxd4 Qxd4 24. Qxh5+ 1-0

[Event "C.to Italiano Semifinale"]
[Site "Montecatini Terme ITA"]
[Date "1998.06.??"]
[Round "2"]
[White "Bonaccorsi, Fabrizio"]
[Black "Contin, Daniel"]
[Result "0-1"]
[WhiteElo "2110"]
[BlackElo "2300"]
[PlyCount "58"]
[EventDate "1998.06.21"]

1. d4 Nf6 2. c4 e6 3. Nf3 b6 4. g3 Ba6 5. b3 Bb4+ 6. Bd2 Be7 7. Nc3 O-O 8. Bg2
d5 9. Ne5 c6 10. cxd5 cxd5 11. O-O Nfd7 12. Nf3 Nc6 13. Re1 f5 14. h4 h6 15.
Bf4 g5 16. hxg5 hxg5 17. Nxg5 Bxg5 18. Nxd5 exd5 19. Bxd5+ Rf7 20. Qd2 Bxf4 21.
Qxf4 Qf6 22. Kg2 Bb7 23. Rh1 Nf8 24. f3 Ne6 25. Bxe6 Qxe6 26. e3 Ne7 27. Rh6
Ng6 28. Qg5 Rg7 29. Rah1 Rc8 0-1

[Event "C.to Italiano Semifinale"]
[Site "Montecatini Terme ITA"]
[Date "1998.06.??"]
[Round "2"]
[White "Corvi, Marco"]
[Black "Fabiano, Giuseppe"]
[Result "0-1"]
[WhiteElo "2320"]
[BlackElo "2230"]
[PlyCount "82"]
[EventDate "1998.06.21"]

1. d4 Nf6 2. c4 e6 3. Nc3 Bb4 4. e3 c5 5. Bd3 O-O 6. Nge2 cxd4 7. exd4 d5 8.
O-O dxc4 9. Bxc4 Nbd7 10. a3 Be7 11. Re1 Nb6 12. Ba2 Nbd5 13. Be3 b6 14. Qd3
Bb7 15. Rad1 Qd6 16. Bb1 Rfd8 17. Ne4 Nxe4 18. Qxe4 g6 19. Qg4 Rd7 20. h4 Nxe3
21. fxe3 h5 22. Qh3 Bf6 23. Nc3 Qe7 24. g3 Rc8 25. Rf1 Bg7 26. g4 hxg4 27. Qxg4
Bh6 28. Rde1 Kg7 29. h5 Rxc3 30. bxc3 Rd5 31. Rxf7+ Qxf7 32. Qxg6+ Qxg6+ 33.
Bxg6 Ra5 34. e4 Rxa3 35. Rf1 Be3+ 36. Kg2 Ba6 37. Rf7+ Kh6 38. Rc7 Kg5 39. Rc6
Kg4 40. Rxe6 Ra2+ 41. Kh1 Kg3 0-1

[Event "C.to Italiano Semifinale"]
[Site "Montecatini Terme ITA"]
[Date "1998.06.??"]
[Round "2"]
[White "Del Monaco, Andrea"]
[Black "Minerva, Enzo"]
[Result "1-0"]
[WhiteElo "1793"]
[BlackElo "2155"]
[PlyCount "45"]
[EventDate "1998.06.21"]

1. e4 e5 2. Nf3 f5 3. Nxe5 Qf6 4. Nc4 fxe4 5. Nc3 Qf7 6. Ne3 Nf6 7. Bc4 Qe7 8.
d3 c6 9. dxe4 b5 10. Bd3 b4 11. Na4 Nxe4 12. O-O d5 13. Re1 Be6 14. f3 Nc5 15.
Nxc5 Qxc5 16. Kh1 Kd8 17. Bf5 Bf7 18. Ng4 Bd6 19. Qd3 h5 20. Ne5 Be8 21. Be3
Qa5 22. Nc4 Qc7 23. Bg5+ 1-0

[Event "C.to Italiano Semifinale"]
[Site "Montecatini Terme ITA"]
[Date "1998.06.??"]
[Round "2"]
[White "Di Vincenzi, Renato"]
[Black "Castaldo, Folco"]
[Result "1-0"]
[WhiteElo "2128"]
[BlackElo "2155"]
[PlyCount "63"]
[EventDate "1998.06.21"]

1. d4 e6 2. g3 Nf6 3. Bg2 d5 4. Nd2 Be7 5. Ngf3 O-O 6. O-O c5 7. c3 Nc6 8. b3
b6 9. Bb2 Bb7 10. e3 cxd4 11. exd4 Ba6 12. Re1 Bd3 13. Re3 Bg6 14. h3 Rc8 15.
Qe2 Bd6 16. Re1 Ne7 17. Nh4 Bh5 18. Bf3 Bxf3 19. Ndxf3 Ne4 20. c4 f5 21. Nd2 f4
22. Rxe4 fxg3 23. fxg3 dxe4 24. Nxe4 Nf5 25. Qg4 Rc7 26. Rf1 Rcf7 27. d5 Ne3
28. Rxf7 Rxf7 29. Qxe6 Bf8 30. Bc1 Be7 31. Bxe3 Bxh4 32. Nd6 1-0

[Event "C.to Italiano Semifinale"]
[Site "Montecatini Terme ITA"]
[Date "1998.06.??"]
[Round "2"]
[White "Genocchio, Daniele"]
[Black "Piscopo, Pierluigi"]
[Result "1/2-1/2"]
[WhiteElo "2155"]
[BlackElo "1798"]
[PlyCount "55"]
[EventDate "1998.06.21"]

1. e4 c5 2. c3 Nf6 3. e5 Nd5 4. Bc4 Nb6 5. Bb3 c4 6. Bc2 Nc6 7. Nf3 Qc7 8. Qe2
g5 9. e6 dxe6 10. Nxg5 Qe5 11. d4 cxd3 12. Bxd3 Qxe2+ 13. Bxe2 h6 14. Ne4 e5
15. O-O Bf5 16. Ng3 Bg6 17. Re1 O-O-O 18. f4 e6 19. Bb5 exf4 20. Bxf4 Nd5 21.
Bd2 Bc5+ 22. Kh1 Nf6 23. b4 Bb6 24. Bxc6 bxc6 25. c4 Bf2 26. Rf1 Bxg3 27. hxg3
Nh5 28. Bf4 1/2-1/2

[Event "C.to Italiano Semifinale"]
[Site "Montecatini Terme ITA"]
[Date "1998.06.??"]
[Round "2"]
[White "Isonzo, David"]
[Black "Iotti, Pierluigi"]
[Result "1/2-1/2"]
[WhiteElo "2235"]
[BlackElo "2325"]
[PlyCount "110"]
[EventDate "1998.06.21"]

1. e4 e6 2. d4 d5 3. Nc3 Bb4 4. exd5 exd5 5. Bd3 Nf6 6. Nge2 c6 7. O-O O-O 8.
a3 Bd6 9. Ng3 Re8 10. Nf5 Bxf5 11. Bxf5 Nbd7 12. Bg5 Qc7 13. Kh1 h6 14. Bh4 g6
15. Bd3 Nh5 16. Bg3 Nf4 17. Bxf4 Bxf4 18. Qf3 Bd6 19. h4 h5 20. Rg1 Qd8 21. g3
Nf6 22. Rge1 Ng4 23. Kg2 Qb6 24. Ne2 Re6 25. c3 Rf6 26. Nf4 Qc7 27. Re2 Bxf4
28. gxf4 Rxf4 29. Qg3 Nxf2 30. Bf5 Ne4 31. Rxe4 dxe4 32. Rf1 Rg4 33. Bxg4 Qxg3+
34. Kxg3 hxg4 35. Kxg4 Kg7 36. Kf4 f5 37. h5 Rh8 38. hxg6 Kxg6 39. Ke5 Re8+ 40.
Kf4 e3 41. Re1 e2 42. Kf3 Kg5 43. Rg1+ Kf6 44. Re1 b5 45. Rxe2 Rxe2 46. Kxe2 a5
47. b3 f4 48. Kf3 Kf5 49. a4 Kg5 50. c4 b4 51. d5 cxd5 52. cxd5 Kf5 53. d6 Ke6
54. Kxf4 Kxd6 55. Ke4 Ke6 1/2-1/2